Sierra Leone First Level Subdivisions - Statistics

General Stats
  • This quiz has been taken 78 times
  • The average score is 4 of 5
Answer Stats
Provinces % Correct
Eastern
96%
Northern
91%
Southern
91%
Western
89%
North West
78%
No matching quizzes found
Score Distribution
Percent of People with Each Score
Percentile by Number Answered
Your Score History
You have not taken this quiz